MyGZULibrary

Learning to teach modern foreign languages in the secondary school : (Record no. 4611)

MARC details
000 -LEADER
fixed length control field 01201cam a2200301 a 4500
001 - CONTROL NUMBER
control field 708476
003 - CONTROL NUMBER IDENTIFIER
control field GZU
005 - DATE AND TIME OF LATEST TRANSACTION
control field 20210317085027.0
008 - FIXED-LENGTH DATA ELEMENTS--GENERAL INFORMATION
fixed length control field 970416s1997 enka b 001 0 eng
010 ## - LIBRARY OF CONGRESS CONTROL NUMBER
LC control number 97018728
020 ## - INTERNATIONAL STANDARD BOOK NUMBER
International Standard Book Number 0415162815 (pbk. : alk. paper)
035 ## - SYSTEM CONTROL NUMBER
System control number (DLC) 97018728
040 ## - CATALOGING SOURCE
Original cataloging agency DLC
Transcribing agency DLC
Modifying agency DLC
050 00 - LIBRARY OF CONGRESS CALL NUMBER
Classification number PB35
Item number .PAC 1997
082 00 - DEWEY DECIMAL CLASSIFICATION NUMBER
Classification number 418/.0071/2
Edition number 21
100 1# - MAIN ENTRY--PERSONAL NAME
Personal name Pachler, Norbert.
245 10 - TITLE STATEMENT
Title Learning to teach modern foreign languages in the secondary school :
Remainder of title a companion to school experience /
Statement of responsibility, etc. Norbert Pachler and Kit Field.
246 30 - VARYING FORM OF TITLE
Title proper/short title Modern foreign languages
260 ## - PUBLICATION, DISTRIBUTION, ETC.
Place of publication, distribution, etc. London ;
-- New York :
Name of publisher, distributor, etc. Routledge,
Date of publication, distribution, etc. 1997.
300 ## - PHYSICAL DESCRIPTION
Extent xxiv, 392 p. :
Other physical details ill. ;
Dimensions 24 cm.
440 #0 - SERIES STATEMENT/ADDED ENTRY--TITLE
Title Learning to teach subjects in the secondary school series
504 ## - BIBLIOGRAPHY, ETC. NOTE
Bibliography, etc. note Includes bibliographical references (p. [370]-385) and index.
650 #0 - SUBJECT ADDED ENTRY--TOPICAL TERM
Topical term or geographic name entry element Languages, Modern
General subdivision Study and teaching (Secondary)
700 1# - ADDED ENTRY--PERSONAL NAME
Personal name Field, Kit.
906 ## - LOCAL DATA ELEMENT F, LDF (RLIN)
a 7
b cbc
c orignew
d 1
e ocip
f 19
g y-gencatlg
942 ## - ADDED ENTRY ELEMENTS (KOHA)
Source of classification or shelving scheme Library of Congress Classification
Koha item type Books
Classification part 35
Item part PAC
Call number prefix PB
Holdings
Withdrawn status Lost status Damaged status Not for loan Collection code Home library Current library Shelving location Date acquired Total Checkouts Full call number Barcode Date last seen Copy number Price effective from Koha item type
        Non-fiction City Campus Library City Campus Library General Stacks 03/17/2021   PB35PAC1997 G20933 03/17/2021 c.1 03/17/2021 Books